ロード中...

Student manual for the art of electronics

書誌詳細
第一著者: Hayes, Thomas C.
その他の著者: Horowitz, Paul
フォーマット: Printed Book
言語:English
出版事項: Cambridge Cambridge University Press 1989
主題:
LEADER 00774nam a2200253 a 4500
001 adlib96000001
003 ViArRB
005 20151026132218.0
008 960221s1955 dcuabcdjdbkoqu001 0deng d
020 |a 0-521-49847-3 
022
040 |a Adlib 
082 |a 621.38(076) 
245 |a Student manual for the art of electronics 
250
260 |a Cambridge  |b Cambridge University Press  |c 1989 
300 |a ix, 614p. 
500 |a   
100 |a Hayes, Thomas C. 
700 |a Horowitz, Paul 
942 |c BK  |6 _ 
653 |a Electronics- laboratory manuals  |a Electronic circuit design- Laboratory manuals 
999 |c 43933  |d 43933 
952 |0 0  |1 0  |4 0  |6 62138076_HAY  |7 0  |9 56123  |a UL  |b UL  |d 2010-06-16  |l 8  |o 621.38(076) HAY  |p 00056296  |r 2015-05-16  |s 2015-03-25  |w 2010-06-16  |y BK